| 000 | 00461nam a2200193Ia 4500 | ||
|---|---|---|---|
| 005 | 20250603145829.0 | ||
| 008 | 250603s9999 xx 000 0 und d | ||
| 020 | _a9781118907733 | ||
| 050 | _aNA 1996 .C43/ | ||
| 100 | _aChappell, David. | ||
| 245 | 4 | _aThe architect in practice | |
| 250 | _a11th ed. | ||
| 260 | _aUnited Kingdom | ||
| 260 | _bJohn Wiley & Sons Ltd. | ||
| 260 | _c2016 | ||
| 300 | _a485 p | ||
| 650 | _aUnited Kingdom | ||
| 942 | _cBK | ||
| 999 |
_c42987 _d42987 |
||